| 000 | 01766cam a2200397 a 4500 | ||
|---|---|---|---|
| 001 | 4419709 | ||
| 003 | ARRUPE | ||
| 005 | 20140429020008.0 | ||
| 008 | 831011s1983 maua 100 0 eng | ||
| 010 | _a83022526 | ||
| 020 | _a0916586634 (pbk.) | ||
| 035 | _a(OCoLC)10073022 | ||
| 035 | _a(OCoLC)ocm10073022 | ||
| 035 | _a(NNC)4419709 | ||
| 040 |
_aDLC _cDLC _dNNUT _dCStRLIN |
||
| 050 | 0 |
_aBX378.M2 _bM37 1983 |
|
| 090 |
_aBX378.M2 _bM37 1983 |
||
| 245 | 0 | 0 |
_aMarriage and the family ; Medicine, psychology, religion : _bnew directions, new integrations / _cedited by John T. Chirban. |
| 260 |
_aBrookline, Mass. : _bHoly Cross Orthodox Press, _c1983. |
||
| 300 |
_a92 p. : _bill. ; _c22 cm. |
||
| 490 | 1 | _aSeries on medicine, psychology, and religion | |
| 500 | _aBased on the annual Symposium on Medicine, Psychology, and Religion : New Directions and New Integrations held in 1983 and hosted by Hellenic College. | ||
| 610 | 2 | 0 |
_aOrthodox Eastern Church _xDoctrines _vCongresses. _97755 |
| 610 | 2 | 0 |
_aGreek Orthodox Archdiocese of North and South America _xDoctrines _vCongresses. _97756 |
| 650 | 0 |
_aMarriage _xReligious aspects _xOrthodox Eastern Church _vCongresses. _97757 |
|
| 650 | 0 |
_aFamilies _xReligious life _vCongresses. _97758 |
|
| 650 | 0 |
_aMedicine _xReligious aspects _xOrthodox Eastern Church _vCongresses. _97759 |
|
| 650 | 0 |
_aPsychology and religion _vCongresses. _97760 |
|
| 650 | 0 |
_aChristianity _xPsychology _vCongresses. _97761 |
|
| 700 | 1 |
_aChirban, John T. _97762 |
|
| 711 | 2 |
_aSymposium on Medicine, Psychology, and Religion _d(1983 : _cHellenic College) _97763 |
|
| 730 | 0 |
_aMedicine, psychology, religion. _f1983. _97764 |
|
| 830 | 0 |
_aSeries on medicine, psychology, and religion. _97765 |
|
| 942 |
_2lcc _cMONOGRAPH _01 |
||
| 999 |
_c119892 _d119892 |
||